| 000 | 01009nam a22003137a 4500 | ||
|---|---|---|---|
| 003 | CHAP | ||
| 005 | 20220329133456.0 | ||
| 008 | 971013s r 00010 d | ||
| 010 | _a6808 | ||
| 011 | _a7780 | ||
| 035 | _a7004 | ||
| 040 | _cCHAP | ||
| 090 | _aR-3447 | ||
| 100 | 0 | 0 |
_aSchroeder, W. L. _9103188 |
| 245 |
_aSoil properties for slope stability analysis _b: Oregon and Washington coastal mountains |
||
| 500 | _aSobretiro de: Forest Science 29 (4): 823-832, 1983 | ||
| 590 |
_aBATCH-UPD _b10 _c20130109 _lUCH01 _h2357 |
||
| 590 |
_aBATCH-UPD _b10 _c20130110 _lUCH01 _h1919 |
||
| 590 |
_aBATCH-UPD _b10 _c20130409 _lUCH01 _h1931 |
||
| 590 |
_aBATCH-UPD _b10 _c20130410 _lUCH01 _h1245 |
||
| 590 |
_aBATCH-UPD _b10 _c20130914 _lUCH01 _h2015 |
||
| 590 |
_aCONVERSION _b10 _c20130109 _lUCH01 _h1305 |
||
| 650 | 1 | 4 |
_aSuelos _xAnálisis. _9110204 |
| 650 | 1 | 4 |
_aSuelos _xEstabilización. _9110359 |
| 700 | 0 |
_aAlto, J. V. _94704 |
|
| 901 | _aBK | ||
| 942 | _cREIMP | ||
| 949 |
_aR-3447 _bBC _cR _d-16759 _eTS1 _i7004 _si |
||
| 999 |
_c6808 _d6808 |
||